| 000 | 00981nam a2200301 i 4500 | ||
|---|---|---|---|
| 001 | bg | ||
| 003 | BPK | ||
| 005 | 20200425175343.0 | ||
| 008 | 070615s2007 pl a f f |000 0 pol | ||
| 015 | _aPB 2007/12171 | ||
| 020 | _a837244837X | ||
| 040 |
_aWA N _cBPK |
||
| 080 | _a631.3 | ||
| 080 | _a636 | ||
| 080 | _a631.17 | ||
| 080 | _a(075.8) | ||
| 100 | 1 |
_aKuczewski, Józef _d(1925-2002) _eAutor |
|
| 245 | 1 | 0 |
_aMechanizacja rolnictwa : _bmaszyny i urządzenia do produkcji roślinnej i zwierzęcej / _cJózef Kuczewski, Czesław Waszkiewicz. |
| 250 | _aWyd. 4. | ||
| 260 |
_aWarszawa : _bWydawnictwo SGGW, _c2007. |
||
| 300 |
_a551, [1] s. : _bil. ; _c24 cm. |
||
| 504 | _aBibliogr. s. [552]. | ||
| 650 | 4 |
_aRolnictwo _xmechanizacja. |
|
| 655 | 4 | _aPodręczniki akademickie | |
| 710 | 2 |
_aSzkoła Główna Gospodarstwa Wiejskiego w Warszawie. _bWydawnictwo. _4pbl. |
|
| 700 | 1 |
_aWaszkiewicz, Czesław _d(1944- ). _eAutor |
|
| 942 |
_2UKD _cKS |
||
| 999 |
_c54424 _d54424 |
||